000 00658nam a2200241 4500
003 EC-UNACH
005 20250813154306.0
006 s||||gr|||| 00| 00
008 150116t9999 mx r gr 000 0 spa d
040 _aEC-UNACH
_cEC-UNACH
041 _aspa
082 0 4 _223
_a900
_bL018011
110 _aBiblioteca Ecuatoriana Aurelio Espinosa Pólit
245 _a1970 2/6
_bMarzo - Abril
264 _aQuito - Ecuador
_bDiario El Comercio
_c2014
300 _a.
_bCD
_c12 x 14 cm
505 _a.
942 _2ddc
_c7
999 _c13647